000 00577nam a22001817a 4500
999 _c175010
_d175010
005 20200803154516.0
010 _aENG-128300
020 _c550.00
_a9789352837540
035 _aEN-11183
037 _bDBAD/PUB
082 _a657
100 _aGupta,M P
245 _aGrewal's Accountancy/
_cby M P Gupta, B M Agarwal
260 _aNew Delhi
_bS.Chand
_c2019
270 _aHead Office:7361,Ram Nagar,Qutab Rord
_bNew Delhi
_e110055
_k23672080
_l91-11-23677446
_minfo@schandpublishing.com
300 _avarious pages..
_c24cm(Pbk)
942 _2ddc
_cEN
_h657
_mGUP